Statistics for Stranger Things Characters by Picture

Click here to take the quiz!

General Stats

  • This quiz has been taken 56 times
  • The average score is 26 of 33

Answer Stats

Answer% Correct
Dustin Henderson
100%
Eleven / El
100%
Mike Wheeler
100%
Will Byers
100%
Joyce Byers
98%
Nancy Wheeler
98%
Vecna
98%
Billy Hargrove
96%
Jim Hopper
96%
Steve Harrington
96%
Lucas Sinclair
94%
Max Mayfield
94%
Robin Buckley
94%
Jonathan Byers
91%
Erica Sinclair
89%
Eddie Munson
87%
Martin Brenner
85%
Murray Bauman
83%
Barbara (Barb)
81%
Karen Wheeler
81%
Chrissy
79%
Bob Newby
72%
Argyle
70%
Dr. Sam Owens
70%
Ted Wheeler
68%
Suzie
64%
Claudia Henderson
55%
Victor Creel
55%
Mr. Clarke
53%
Vickie
51%
Keith
45%
Mayor Larry Kline
43%
Dimitri
36%

Score Distribution

Percentile by Number Answered

Percent of People with Each Score

Your Score History

You have not taken this quiz